000 00764nam a22002415i 4500
001 12617
003 ES-MaACL
005 20230906150347.0
007 t|
008 951127s1984 sp a ||||0| spa j
040 _aM-BN
_bspa
_cM-BN
080 _a7.036(064.3)
111 2 _aArco 84 (
_d1984.
_cMadrid)
_92
245 1 0 _aArco 84
_b: arte contemporáneo : Feria Internacional de Madrid, 17-22 Feb /
_c[organiza IFEMA].
260 _a[Madrid :
_bs.n.],
_cD.L. 1984.
300 _a378 p. :
_bprincipalmente il. ;
_c31 cm.
650 4 _aArte-
_yS.XX-
_vExposiciones.
_910140
655 7 _2tgfbne
_9193628
_aCatálogos de exposiciones
710 2 _aIFEMA.
_94638
852 _aES-MaACL
_jL-19971
_bR.122757
942 _2udc
999 _c12617
_d12617